000 00509nam a2200193 a 4500
001 11168
003 CO-ViMGA
008 141112s2004 ck r 000 u spa d
020 _a8401422841
040 _aCO-ViMGA
_bspa
_cCO-ViMGA
082 0 4 _aCo863.6 C17c
100 1 _aCarpentier, Alejo
_915521
245 1 0 _aLa consagración de la primavera
250 _a4
260 _aBarcelona,
_cPlazay Janes editores,
_c1998
490 _aLa creación literaria
650 1 4 _aNOVELA CUBANA
_92121
942 _2ddc
_cBK
999 _c22381
_d22381